| 000 | 00789nam a2200205 a 4500 | ||
|---|---|---|---|
| 001 | 2133 | ||
| 003 | CDMR | ||
| 005 | 20151026133603.0 | ||
| 008 | 130130s2002||||||||||||||||||||||||||||d | ||
| 040 |
_aCDMR _bcat _cCDMR |
||
| 100 | 1 |
_aBarata Villar, Francesc _91588 |
|
| 245 | 1 | 3 |
_aLa mirada periodística sobre el delito _cFrancesc Barata Villar ; director Miquel Rodrigo Alsina |
| 260 |
_aBarcelona _c2002 |
||
| 300 |
_a637 p ; _c29 cm |
||
| 502 |
_aTesi dirigida per Miquel Rodrigo Alsina i presentada l'any 2002 a la _cFacultat de Ciències de la Comunicació Blanquerna, Universitat Ramon Llull |
||
| 650 | 0 | 4 |
_94196 _aDelicte en els mitjans de comunicació de massa |
| 650 | 0 | 4 |
_92799 _aPeriodisme _xAspectes socials |
| 650 | 0 | 4 |
_92994 _aTesis i dissertacions acadèmiques |
| 942 |
_cTSN _2udc |
||
| 999 |
_c2133 _d2133 |
||